| 000 | 01553cam a22003371i 4500 | ||
|---|---|---|---|
| 003 | SA-RiAUC | ||
| 005 | 20250125074735.0 | ||
| 008 | 250123s2007 ua g b 00100 ara c | ||
| 020 | _a9773441970 | ||
| 040 |
_aSA-JeALM _bara _cSA-RiAUC _erda |
||
| 082 | 0 | 4 |
_a263.5 _qSA-RiAUC |
| 090 |
_a263.5 _bا ب ن ع |
||
| 100 | 1 |
_aابن عربي، محمد بن علي بن محمد، _d560-638 هجري _eمؤلف. |
|
| 245 | 1 | 0 |
_aحكم الفصوص وحكم الفتوحات، المسمى، مجمع البحرين في شرح الفصين / _cتصنيف محيي الدين بن عربي الطائي ؛ شرح ناصر بن الحسن الحسيني الكيلاني. تحقيق احمد فريد المزيدي |
| 246 | 3 | 3 | _aمجمع البحرين في شرح الفصين |
| 250 | _aالطبعة الأولى. | ||
| 264 | 1 |
_aالقاهرة : _bدار الآفاق العربية، _c2007 |
|
| 300 |
_a587 صفحة ؛ _c24 سم |
||
| 336 |
_aنص _btxt _2rdacontent _3كتاب |
||
| 337 |
_aبدون وسيط _bn _2rdamedia |
||
| 338 |
_aمجلد _bnc _2rdacarrier |
||
| 500 | _aكشافات : صفحة 549-585. | ||
| 504 | _aيشتمل على إرجاعات ببليوجرافية. | ||
| 650 | 7 |
_aالتصوف الإسلامي _2aucsh |
|
| 650 | 7 |
_aالزهد _2aucsh |
|
| 700 | 1 | 2 |
_aالمزيدي، احمد فريد _eمحقق. _tحكم الفصوص. |
| 700 | 1 |
_aالكيلاني، ناصر بن الحسن الحسيني _eشارح. |
|
| 740 | 0 | 2 | _aفصوص الحكم. |
| 942 |
_2ddc _cBOOK _n0 |
||
| 949 |
_aSA-JeALM _d250123 _uosman123 _n1 |
||
| 999 |
_c5173 _d5173 |
||